Ako urobiť zo slovenčiny dobrodružstvo poznávania

Bibliographic Details
Main Author: Činčurová, Xénia (Author)
Format: Article
Language:Slovak
Subjects:

MARC

LEADER 00000nab a2200000 r4500
001 vtls011995484
003 SK-MaSNL
005 20260303191046.0
008 201001c2017 xo |r|p||| |000 b|slo
015 |a SNBRB2020/09 
038 |a SPK 
040 |a SPKCL  |b slo  |e RDA 
041 0 |a slo  |b slo 
044 |a xo  |c SK 
072 7 |a 811.162.4  |x Slovenčina  |2 konspekt 
072 7 |a 37  |x Výchova a vzdelávanie  |2 konspekt 
080 |a 811.162.4  |2 2001 
080 |a 37.018.8  |2 2001 
100 1 |a Činčurová, Xénia  |4 aut  |9 1220058 
245 1 0 |a Ako urobiť zo slovenčiny dobrodružstvo poznávania  |c Xénia Činčurová 
300 |b Fotografie 
336 |a text  |b txt  |2 rdacontent 
337 |a bez média  |b n  |2 rdamedia 
338 |a zväzok  |b nc  |2 rdacarrier 
504 |a Bibliografické odkazy 
650 0 7 |a slovenčina  |2 SNKPH  |9 1350 
650 0 7 |a vyučovanie  |2 SNKPH  |9 1522 
773 0 |t Slovenčinár  |g Roč. 4, č. 1 (2017), s. 42-47  |x 1339-4908 
852 |a SPK  |b KIS3GCP 
856 4 1 |a http://www.sausba.sk/page.php?id=12 
958 |a NB  |2 spk 
999 |c 2139290  |d 2141220